MDQL
is popping MORE tags! Check the
thread
!
Quizzes
Events
Quiz Creation
Community
Videos
Private Events
Remove Ads
Sign In
Join for FREE
Feedback
Dark Mode
Quiz Categories
Sports
Geography
Music
Movies
Television
Just For Fun
Miscellaneous
History
Literature
Language
Science
Gaming
Entertainment
Religion
Holiday
For Kids
Quiz Lab
Recent
Popular Today
Quiz Kudos Today
Editor Picks
Curator Picks
Quizzes by...
Day
Popularity
Type
Ratings
Length
Year
Community
Subscriptions
Recent Discussions
Orange Saloon
Badges
Playlists
Quests
Create
Leaderboards
Showdown
Live 5
Trivia Bingo
Activity
Puzzle Library
Sporcle Events
Private Events
Virtual Trivia
Globe League
Become a Host
Pub Owners
SporcleCon
Opinionation
Our Games
Videos
Blog
Mobile Apps
Partnerships
Remove Ads and Go Orange
Feedback
Sports
Athletes
MLB
NBA
NHL
NFL
Soccer
Sports Teams
WWE
NCAA
Football
Premier League
Basketball
Baseball
Hockey
Golf
Tennis
Cricket
Rugby
Auto Racing
Olympics
World Cup
Sports
Athletes
MLB
NBA
NHL
NFL
Soccer
Sports Teams
WWE
NCAA
Football
Premier League
Basketball
Baseball
Hockey
Golf
Tennis
Cricket
Rugby
Auto Racing
Olympics
World Cup
Random Quiz
Search Sporcle
×
Quiz Lab
Quiz Lab
Sports
NBA
Type in answers that appear in a list
Type in answers that appear in a list
Classic
Best Score? Go Orange.
NBA 25+ ppg 1990s Stats
Can you name the Players to Average at least 25ppg for at least one season from the 89-90 to 99-00 seasons?
By
fig227
4m
19 Questions
5,723 Plays
5,723 Plays
5,723 Plays
Comments
Comments
Give Quiz Kudos
Give Quiz Kudos
-
- Ratings
hide this ad
More Info
Replay
Link that replays current quiz
Next Quiz
Link to next quiz in quiz playlist
You Got
0%
They Got
Avg Score
63%
Avg Friend Score
Upgrade to see
Score Distribution
Jump to the score distribution portion of the page
Score
0/19
Timer
04:00
1
Play Today
Team (s)
Player Name
% Correct
Bulls
Michael Jordan
99.9%
Jazz
Karl Malone
98.2%
Spurs
David Robinson
96%
Magic /
Lakers
Shaquille Oneal
94.7%
Knicks
Patrick Ewing
93.6%
Rockets
Hakeem Olajuwon
89.9%
76ers
Allen Iverson
89.2%
76ers
Charles Barkley
87.9%
Hawks /
Clippers
Dominique Wilkins
81.1%
Raptors
VInce Carter
75.5%
Team (s)
Player Name
% Correct
Warriors
Chris Mullin
56.9%
Pistons
Grant Hill
55.5%
Kings
Mitch Richmond
49%
Hornets
Glen Rice
40%
Suns
Tom Chambers
31.2%
Bullets
Bernard King
31%
Mavericks
Jim Jackson
20.4%
Nuggets
Michael Adams
11.6%
Nuggets
Orlando Woolridge
4.2%
Quiz Playlist
Details
Report
Send in Message
Add To Playlist
More Info:
The players may have played for other teams but only the teams that they averaged 25 or more points are included
Classic:
Type in answers that appear in a list
Quiz Source
Last Updated: Dec 14, 2017
Quiz Scoreboard
CHALLENGE
Sign Up to Join the Scoreboard
Show All
Scores
Hide
Comments
May contain spoilers
Recently Published
Two Season TV Shows II
by 123Four
Television
10m
Image Sorting: Flags VI
by Barbecue
Geography
2m
Find the 'City' Movie
by crazypaving
Movies
60s
More to Explore
Quiz From the Vault
Featured Blog Post
14 Easter Pick-up Lines to Find Eggs With
hide this ad
You Might Also Like...
Tags
Basketball Quiz
NBA Quiz
1990s
Today's Top Quizzes in Sports
Browse Sports
hide this ad
Today's Top Quizzes in NBA
Browse NBA
Top Contributed Quizzes in Sports
1
Les meilleurs buteurs des matchs entre le PSG et l’OM
2
Les entraîneurs de l'OM et du PSG au 21e siècle
3
2022 World Cup Stars
4
Les joueurs passés par le PSG et l'OM
5
Players with Multiple 50 Home Run Seasons
6
Criteria MLB: Left Handed Sluggers
7
FIFA Club World Cup Champions
8
Les joueurs passés par le LOSC et le RC Lens
9
NBA Logic Puzzle 2.0
10
Top 10 NHL Goal Scorers of All Time
Explore More
Trending Topics
NBA
Marvel
Kpop
Anime
Crossword
Harry Potter
Disney
NFL
Song
Pokémon
WWE
Puzzle
Soccer
The Office
Country
hide this ad
More By:
fig227
Quiz
Plays
Rating
Category
Featured
Created
ALMOST averaged a triple double
9,840
3.93
Sports
Aug 14, 2010
NBA 25+ ppg 1990s
5,723
2.75
Sports
Aug 14, 2010
NBA Players to average 10 pts - 10 ast
3,582
4.35
Sports
Aug 16, 2010
NBA MVP's with no Ring
1,106
3.50
Sports
Dec 7, 2010
NBA Top 25 Offensive Rebounders
347
4.00
Sports
Dec 7, 2010
Go to Creator's Profile
Score Distribution
Quiz Creator Spotlight
fig227
Follow
Send a Message
Quizzes Created
-
Created Quiz Play Count
-
More By This Creator
Popular Quizzes Today
1
Find the US States - No Outlines Minefield
2
Colored Red Africa Blitz
3
Find the 'City' Movie
4
5x2 Blitz: Bands
5
The Countries of the World
6
Find the Countries of Europe - No Outlines Minefield
7
Find the US States
8
US States
More Sports Quizzes
Red Bull F1 Drivers (Minefield)
Curator's Pick
Trending Quizzes
Colored Red Europe Blitz I
Colored Red Africa Blitz II
Colored Red Europe Blitz II
Colored Red Africa Blitz III
Colored Red Europe Blitz III
Recently Updated
How Do You Spell That?
pecheneg
Godzilla Movies
pecheneg
Grab Bag: 4-10 Letters
pecheneg
2024 March Madness Bracket
pecheneg
Famous TV Couples
Peacemaker
Champions League XIs: Real Madrid
pecheneg
Largest US Cities 1790-2010
pecheneg
Rides in Walt Disney World
pecheneg
Most Oscar Losses (Acting)
pecheneg
Beyoncé Albums
pecheneg
Trending Topics
Kpop
Harry Potter
Crossword
Anime
Disney
Marvel
NBA
Puzzle
Country
The Office
NFL
Song
Pokémon
Soccer
WWE
Your Account Isn't Verified!
In order to create a playlist on Sporcle, you need to verify the email address you used during registration. Go to your
Sporcle Settings
to finish the process.
Report this User
Report this user for behavior that violates our
Community Guidelines
.
Details:
Send Report
Go to the Sporcle.com Mobile Site →
Comments